Dotazníkový systém zameraný na zvýšenie kvality vzdelávania diplomová práca

Gespeichert in:
Bibliographische Detailangaben
1. Verfasser: Čaplár, Martin
Körperschaft: Fakulta hospodárskej informatiky EU. Katedra aplikovanej informatiky
Weitere Verfasser: Kultan, Jaroslav, 1960-
Format: Buch
Sprache:Slowakisch
Veröffentlicht: Bratislava 2014
Tags: Tag hinzufügen
Keine Tags, Fügen Sie das erste Tag hinzu!

MARC

LEADER 00000nbm a2200000 4500
001 0197418
005 20161212111227.8
041 0 |a slo 
044 |a SK 
245 1 0 |a Dotazníkový systém zameraný na zvýšenie kvality vzdelávania  |b diplomová práca  |c Martin Čaplár ; školiteľ: Jaroslav Kultan 
264 1 |a Bratislava  |c 2014 
300 |a 83 s. 
100 1 |a Čaplár, Martin 
700 1 |a Kultan, Jaroslav, 1960- 
710 2 |a Fakulta hospodárskej informatiky EU. Katedra aplikovanej informatiky